| 000 | 01022nam a2200301 i 4500 | ||
|---|---|---|---|
| 001 | 66423 | ||
| 003 | ES-MaACL | ||
| 005 | 20250728120315.0 | ||
| 007 | t| | ||
| 008 | 020912s2002 sp ||||0| spa d | ||
| 020 | _a84-8164-550-8 | ||
| 040 |
_aM-BN _bspa _cM-BN |
||
| 080 | _a1 Heidegger, Martin | ||
| 080 | _a1 Aristóteles | ||
| 080 | _a111.1 | ||
| 100 | 1 |
_aSegura, Carmen. _9105201 |
|
| 245 | 1 | 0 |
_aHermenéutica de la vida humana _b: en torno al "informe Natorp" de Martin Heidegger / _cCarmen Segura Peraita. |
| 260 |
_aMadrid : _bTrotta, _c[2002] |
||
| 300 |
_a178 p ; _c23 cm. |
||
| 490 | 1 | _aColección Estructuras y procesos. Serie Filosofía | |
| 504 | _aBibliografía: p. 171-178. | ||
| 600 | 1 | 4 |
_aHeidegger, Martin- _xCrítica e interpretación. _962339 |
| 600 | 0 | 4 |
_aAristóteles- _xCrítica e interpretación. _922862 |
| 650 | 4 |
_aHermenéutica. _913329 |
|
| 830 | 0 | 0 |
_aEstructuras y procesos. _pFilosofía _9183056 |
| 852 |
_aES-MaACL _jL-26926 _bR.132569 |
||
| 999 |
_c66423 _d66423 |
||